000 00282nam a2200121 a 4500
008 101025s1972|||| d
100 1 _aMajakovskij, Vladimír
245 1 0 _aA čo píšete ?
260 _bTatran
_aBratislava
_c1972
041 _aslo
044 _axo
_cSK
020 _c9
999 _c12203
_d12203